| 000 | 00480nam a2200133 a 4500 | ||
|---|---|---|---|
| 001 | 000038148 | ||
| 005 | 20201002031202.0 | ||
| 008 | 130319s2002 dr 000 0 spa d | ||
| 040 |
_aDO-SdBNP _bspa _cBNPHU |
||
| 100 | 1 |
_aFigueiras, Carmen Luisa _964510 |
|
| 245 | 1 | 3 |
_aEl foro ciudadano como espacio de articulación de la sociedad civil : _bbalance y perspectivas / _cCarmén Luisa Figueiras. |
| 260 |
_aSanto Domingo : _bParticipación Ciudadana, _c2002. |
||
| 300 |
_a77 p. ; _c26 cm. |
||
| 999 |
_c37638 _d37638 |
||